LEADER 01008nam a2200253 i 4500 001 000000167042 003 CaOOAMICUS 005 20230523162405.0 008 071122s1945 it u000 u ita u 040 $aSeMil$bita 100 1 $aSainte-Beuve, Charles Augustin : de,$d<1804-1869>.$0(OLS)http://semarc/name/8933 245 10$aRitratti di donne /$cdi Sainte-Beuve ; a cura di Maria Maraschini. 264 1$aMilano :$bGentile,$cstampa 1945. 300 $a351 p. ;$c18 cm. 490 1 $aLa ruota ;$v4 650 4$aDonne celebri.$0(OLS)http://semarc/subject/50559 700 1 $aMaraschini, Maria.$0(OLS)http://semarc/name/62843 830 3$aLa ruota ;$v4.$0(OLS)http://semarc/title/42981 850 $aSeMil 852 $aSeMil$W1$xVenegono$y1$m1R I 59$j240778$B118202$CSeMilBibl$Z2$F129010 $81 961 $aRecupero: Altro 996 $6245$aRitratti di donne$9(OLS)http://semarc/title/86949 996 $6264$aMilano :$bGentile$9(OLS)http://semarc/publisher/32501 LEADER 01329nam a2200301 4500 001 000000332743 003 CaOOAMICUS 005 20190403164634.0 008 190311s2017 it a 000 u ita r 020 $a978-88-99016-63-0 040 $aSeMil$bita 100 1 $aRocchi, Ciaj.$0(OLS)http://semarc/name/109114 245 10$aChinamen :$bun secolo di cinesi a Milano / $cCiaj Rocchi, Matteo Demonte. 264 1$a[Padova] :$bBeccogiallo,$c2017. 264 1$cAnno. 300 $a183 p. : $bin gran parte ill. ;$c24 cm 500 $aGraphic novel pubblicata in occasione della Mostra "Chinamen. 100 anni di cinesi a Milano", 15 marzo - 17 aprile 2017, Milano. 541 1 $aFondo mons. Mario Delpini 650 4$aMilano - Popolazione cinese.$0(OLS)http://semarc/subject/48260 700 1 $aDe Monte, Matteo.$0(OLS)http://semarc/name/109115 850 $aSeMil 852 $aSeMil$W1$xVenegono$y1$m3O IV 172$j213154$B226015$CSeMilBibl$Z2$F226015 $81 941 1 $a7 996 $6020$a978-88-99016-63-0$9(OLS)http://semarc/number/286721 996 $6245$aChinamen :$bun secolo di cinesi a Milano / $9(OLS)http://semarc/title/421803 996 $6264$a[S.l.] :$b[s.n.]$9(OLS)http://semarc/publisher/0 996 $6264$a[Padova] :$bBeccogiallo$9(OLS)http://semarc/publisher/58121